000 01028naa a22002777a 4500
001 BR9201968
003 BR-BrBNA
005 20240918181514.0
007 ta
008 230509b bl.||||| |||| 00| 0 por d
040 _aBR-BrBNA
_bpor
_cBiblioteca Nacional de Agricultura
041 _a(Pt)
072 _aL10
_b5100
_b3580
090 _aL10 BR9201968
100 1 _aPapa, F.O.
111 1 _a9. Congresso Brasileiro de Reproducao Animal
_cBelo Horizonte, MG (Brazil)
_d22-26 Jul 1991
245 1 _aInseminacao artificial com semen congelado de garanhao
260 3 _aBelo Horizonte, MG (Brasil):
_c1991.
500 _a9. Congresso Brasileiro de Reproducao Animal. Anais, v. 2 Belo Horizonte, MG (Brasil): 1991. p. 80-90 (BR9201968-AM)L10
650 _aGaranhao
650 _aInseminacao Artificial
650 _aSemen
773 0 _t9. Congresso Brasileiro de Reproducao Animal. Anais, v. 2
_wL10 BR9201968
_gBelo Horizonte, MG (Brasil), 1991. p. 80-90
909 _a202404
_bLucia
_c55
_dLucia Elande
942 _cAM
_2AGRIS
999 _c325558
_d325558